00806 a2200169 45000010006000000050017000060080041000230030015000640400040000790800035001192450083001542640036002373000019002735050318002920410008006101000018006185535420260407155827.0260407a1969 arg spa dAR-UNSa-BCEJYS aAR-UNSa-BCEJYSbspacAR-UNSa-BCEJYS a330.34xDesarrollo Económico10aTeoría del desarrollo económico en la historia del pensamiento económico 1aBarcelona :bGustavo Gilic1969 a275 p.c22 cm. a1. Perspectiva general - 2. Población y rendimientos - 3. Acumulación de capital y demanda efectiva - 4. La educación y el progreso del conocimiento - 5. Organización y política económica - 6. Función del dinero en la teoria del desarrollo económico - 7. La conveniencia del desarrollo económico aspa1 aRobbins, Lord